000 00407nam a2200181Ia 4500
008 230524s9999 xx 000 0 und d
020 _a8188781339
082 _a530
_bSWA
100 _aB.B.Swain
245 0 _aPhysics -I
250 _a2ND
260 _aNEW DELHI
_bKitab Mahal
_c2005
300 _aV;298
500 _aQuantity Number: 260
650 _aPhysics
700 _a P.K Jena
942 _cBK
999 _c19943
_d19943